000 00426nam a2200181Ia 4500
001 16443
005 20260306170310.0
008 260306t2014||||xx |||||||||||||| ||und||
041 _aESP
082 _a348.6
_bC265 2015
100 _aContadores & Empresas
_eAUT
245 0 _aPioner laboral
260 _c2014
300 _avarias paginaciones :
_c26 cm.
650 _aGEN
654 _aCDE
942 _cLIB
_dJUS
_fJUS
_2ddc
_n
999 _c16443
_d16443